书目信息 |
| 题名: |
润滑心灵:人际交往的奥秘与技巧?ARun Hua Xin Ling:Ren Ji Jiao Wang De Ao Mi Yu Ji Qiao
|
|
| 作者: | 易凌峰 , 杨丽华 著 | |
| 分册: | ||
| 出版信息: | 上海 学林出版社 1998.12 |
|
| 页数: | 239页 | |
| 开本: | 32开 | |
| 丛书名: | ||
| 单 册: | ||
| 中图分类: | C912.3 | |
| 科图分类: | ||
| 主题词: | 社会结构 , 社会关系 | |
| 电子资源: | ||
| ISBN: | 7-80616-638-6 | |
| 000 | 00656nam0 2200217 45 | |
| 001 | 0011012049 | |
| 005 | 20001101202204.9 | |
| 010 | @a7-80616-638-6@d11.50元 | |
| 100 | @a20001101d1998 km y0chiy0120 ea | |
| 101 | 0 | @achi |
| 105 | @a z 000yy | |
| 200 | 1 | @a润滑心灵:人际交往的奥秘与技巧?ARun Hua Xin Ling:Ren Ji Jiao Wang De Ao Mi Yu Ji Qiao@f易凌峰,杨丽华 著@FYi Ling Feng,Yang Li Hua Zhu |
| 210 | @a上海@c学林出版社@d1998.12 | |
| 215 | @a239页@d32开 | |
| 606 | 0 | @a社会结构 |
| 606 | 0 | @a社会关系 |
| 690 | @aC912.3@v3 | |
| 701 | 0 | @a易凌峰@4著 |
| 701 | 0 | @a杨丽华@4著 |
| 801 | @aCN@bPftUser@c20001101 | |
| 905 | @b195850-854@dC912.3@eY245@f5 | |
| 润滑心灵:人际交往的奥秘与技巧?ARun Hua Xin Ling:Ren Ji Jiao Wang De Ao Mi Yu Ji Qiao/易凌峰,杨丽华 著.-上海:学林出版社,1998.12 |
| 239页;32开 |
| ISBN 7-80616-638-6:11.50元 |
| ● |
| 相关链接 |
|
|
|
正题名:润滑心灵:人际交往的奥秘与技巧
索取号:C912.3/Y245
 
预约/预借
| 序号 | 登录号 | 条形码 | 馆藏地/架位号 | 状态 | 备注 |
| 1 | 195850 | 201958505 | 社科库509/509社科库 59排4列6层/ [索取号:C912.3/Y245] | 在馆 | |
| 2 | 195852 | 201958523 | 社科库509/509社科库 59排4列6层/ [索取号:C912.3/Y245] | 在馆 | |
| 3 | 195853 | 201958532 | 社科库509/309社科库 66排2列4层/ [索取号:C912.3/Y245] | 在馆 | |
| 4 | 195854 | 201958541 | 社科库509/509社科库 59排4列6层/ [索取号:C912.3/Y245] | 在馆 |